000 00584nam a2200181Ia 4500
008 100920s9999 xx 000 0 und d
082 _b98142
_a520 0
100 _aवाचासुंदर नेहा.
245 _aघरोघरी आयुर्वेद.
260 _bप्र.शा.वाचासुंदर कराड.
_c0
300 _a57
_bसाधी
365 _b0
520 _aशाअ.
630 _aघरोघरी आयुर्वेद.
650 _aशाअ.
730 _aघरोघरी आयुर्वेद.
942 _cBOOK
999 _c738580
_d738577